000 00561nam a22001577a 4500
003 OSt
005 20150906094438.0
008 150906b xxu||||| |||| 00| 0 eng d
040 _cRUA
082 _aAGR សុិក 1991 B004 Or.1
100 _976
_aសុិក បូរ័ក្ស
245 _aសត្វល្អិតសំខាន់ៗ បំផ្លាញគ្រាប់ក្នុងឃ្លាំង និង​ វិធានការកំចាត់
260 _aPhnom Penh
_bRUA
_c1991
300 _a79p.
_bill.
_c29cm.
942 _2ddc
_cAGR
999 _c73
_d73